Tom Who? Quiz Stats

 Plays Quiz Updated Feb 13, 2018

Score 0/15 Timer 05:00
7 Plays Today
% Correct
Tom Cruise
95.1%
Tom Hanks
91.4%
Tom Selleck
90.3%
Tommy Lee Jones
85.5%
Tom Welling
82.7%
Tom Holland
79%
Tom Hiddleston
76.1%
Tom Hardy
75.7%
% Correct
Tom Arnold
67.3%
Thomas F. Wilson
65.7%
Tom Wilkinson
61.7%
Tom Berenger
61%
Thomas Jane
57.4%
Thomas Haden
Church
52.8%
Tom Sizemore
48.2%

You're not logged in!

Compare scores with friends on all Sporcle quizzes.
OR
Log In

Sporcle TV

Today on Sporcle TV


Watch our educational content, quiz creation guides, and fun videos on Sporcle TV.

Show Comments

Extras

Top Quizzes Today


Score Distribution

Your Account Isn't Verified!

In order to create a playlist on Sporcle, you need to verify the email address you used during registration. Go to your Sporcle Settings to finish the process.

Report this User

Report this user for behavior that violates our Community Guidelines.

Details: